Programa Investigación en epistemología genética y educación /
| Autor principal: | |
|---|---|
| Formato: | Libro |
| Lenguaje: | español |
| Publicado: |
[San José, Costa Rica] :
INIE,
1985
|
| Materias: |
MARC
| LEADER | 00000nam a2200000 4500 | ||
|---|---|---|---|
| 008 | 200115b1995 cr ||||| |||| 00| | spa d | ||
| 999 | |c 3868 |d 3868 | ||
| 090 | |a 18.01.01 |b 713 | ||
| 100 | |9 2902 |a Pereira Pérez, Zulay | ||
| 245 | 1 | 0 | |a Programa Investigación en epistemología genética y educación / |c Zulay Pereira Pérez |
| 260 | |a [San José, Costa Rica] : |b INIE, |c 1985 | ||
| 300 | |a 20 páginas | ||
| 500 | |a Informe final Programa de investigación No.724-93-900 | ||
| 650 | 1 | 4 | |9 163 |a INVESTIGACIÓN |
| 650 | 1 | 4 | |9 1 |a EDUCACIÓN |
| 942 | |i 002255 |h 18.01.01 713 |2 z |c 04 | ||
